000 00721nam a22002297a 4500
005 20170124105928.0
010 _aB-092484
020 _a8173915199
_c00.00
035 _aB-092484
037 _bCen Lib/Ret
040 _aDPL
_bEN
082 _a305.4
_bPUR
100 _aPant, S. K.
_97674
245 _aGender bias girl child education /
_cby S. K. Pant
260 _aNew Delhi
_bKanishka Publishers
_c2002
270 _a4697/5-21A, Ansari Road, Darya Ganj
_bNew Delhi
_e110002
300 _axvi, 200p.
_c22cm(Hb)
500 _aIncludes bibliographical references and index
650 _aUrban society
_97675
650 _aSocio-economic profie--Girl child
_97676
942 _2ddc
_cEN
_h305.4
_mPAN
999 _c123682
_d123682